=LDR 00000nam 2200000 4500 =001 INLIS000000000014935 =005 20130612110222 =008 ***********************************Ind** =035 ##$$0010-061300000014935 =041 ##$$a Ind =082 ##$$a 664.3 =090 ##$$a 664.3; Mas m =100 ##$$a Masun, M. Sadyi =245 ##$$a Membuat minyak kepala secara inovatif, M. Sadyi masun, helmi =260 ##$$a 2004 $b Yogyakarta =300 ##$$a xi, 48 hlm, Ilus, 20 cm =650 ##$$a Minyak kepala =700 ##$$a Helmi =850 ##$$a NBPNMAT